| 000 | 004380000a22001690004500 | ||
|---|---|---|---|
| 003 | MACL | ||
| 005 | 20151230124202.0 | ||
| 008 | 151230b xxu||||| |||| 00| 0 eng d | ||
| 040 |
_aMACL _cMACL |
||
| 041 | _aEnglis | ||
| 082 | _a294.3/SIN | ||
| 100 |
_aSinnett, A P _924759 |
||
| 245 | _aThe Growth of The Soul | ||
| 260 |
_bThe Theosophical Publishing Society _c1905 _aLondon |
||
| 650 |
_aReligion _924760 |
||
| 942 |
_cBK _k294.3/SIN _2ddc |
||
| 999 |
_c39400 _d39400 |
||